| 000 | 00930cab a22002055a 4500 | ||
|---|---|---|---|
| 001 | L146008 | ||
| 008 | 081201s2008 xxkado f 000 0 eng d | ||
| 035 | _a(Sirsi) u146008 | ||
| 041 | 0 | _aeng | |
| 100 | 1 | _aKavanagh, James | |
| 245 | 0 | 0 | _a60 years of RICS Geomatics |
| 260 | _c2008 | ||
| 490 |
_aGeomatics World _v1(17) November/December 2008, 20-25(4) |
||
| 520 | _aArticle records the history of the RICS Geomatics facility from its 1948 inception as the Land Surveying Division to the present day. Discusses the Second World War, the agenda for change, membership and examinations. Also looks at the published output of the faculty and conferences, as well as commentary on the links forged between the faculty and other professional and government bodies. | ||
| 590 | _aKA | ||
| 651 | 4 |
_aUnited Kingdom _y |
|
| 690 | _aENVIRONMENTAL AND LAND CONSULTANCY-GEOMATICS-SITE SURVEYING | ||
| 700 | 1 | _aSmith, Jim | |
| 942 | _n0 | ||
| 999 |
_c80995 _d80995 |
||